Genome Wide Association Studies for Identification of Candidate Risk Factors for Juvenile Onset of Demodicosis Disease (Record no. 329854)
[ view plain ]
| 000 -LEADER | |
|---|---|
| fixed length control field | nam a22 7a 4500 |
| 003 - CONTROL NUMBER IDENTIFIER | |
| control field | NUST |
| 005 - DATE AND TIME OF LATEST TRANSACTION | |
| control field | 20170524165453.0 |
| 008 - FIXED-LENGTH DATA ELEMENTS--GENERAL INFORMATION | |
| fixed length control field | 170524b xxu||||| |||| 00| 0 eng d |
| 040 ## - CATALOGING SOURCE | |
| Original cataloging agency | DLC |
| Language of cataloging | DLC |
| Transcribing agency | RCMS |
| 082 ## - DEWEY DECIMAL CLASSIFICATION NUMBER | |
| Classification number | 006.722 QUR |
| 100 ## - MAIN ENTRY--PERSONAL NAME | |
| Personal name | Qurat -ul - Ain |
| 9 (RLIN) | 1394 |
| 245 ## - TITLE STATEMENT | |
| Title | Genome Wide Association Studies for Identification of Candidate Risk Factors for Juvenile Onset of Demodicosis Disease |
| Statement of responsibility, etc. | Qurat -ul-Ain |
| 260 ## - PUBLICATION, DISTRIBUTION, ETC. | |
| Place of publication, distribution, etc. | RCMS NUST Islamabad |
| Name of publisher, distributor, etc. | RCMS NUST |
| Date of publication, distribution, etc. | c2016 |
| 300 ## - PHYSICAL DESCRIPTION | |
| Extent | 75,p: |
| Other physical details | ill: |
| Dimensions | 30,cm. |
| 538 ## - SYSTEM DETAILS NOTE | |
| Display text | Shelf No 7 Row No 3 |
| 650 ## - SUBJECT ADDED ENTRY--TOPICAL TERM | |
| Topical term or geographic name entry element | Computational Sciences & Engineering |
| 9 (RLIN) | 1391 |
| 942 ## - ADDED ENTRY ELEMENTS (KOHA) | |
| Source of classification or shelving scheme | |
| Koha item type | Thesis |
| Withdrawn status | Lost status | Source of classification or shelving scheme | Damaged status | Not for loan | Collection code | Permanent Location | Current Location | Shelving location | Date acquired | Total Checkouts | Full call number | Barcode | Date last seen | Price effective from | Koha item type |
|---|---|---|---|---|---|---|---|---|---|---|---|---|---|---|---|
| Central Library (CL) | Central Library (CL) | Thesis | 10/07/2019 | 621.001 | CL-T-3754 | 10/07/2019 | 10/07/2019 | Thesis | |||||||
| School of Interdisciplinary Engineering and Sciences (SINES) | School of Interdisciplinary Engineering and Sciences (SINES) | Thesis | 05/24/2017 | 006.722 QUR | 002983 | 06/14/2017 | 05/24/2017 | Thesis |
